| 000 | 00463nam a2200169Ia 4500 | ||
|---|---|---|---|
| 003 | GBCCL | ||
| 005 | 20251201135314.0 | ||
| 008 | 180709b ||||| |||| 00| 0 eng d | ||
| 020 | _a8122136478 | ||
| 040 | _cGBC | ||
| 082 |
_aVER 220.5954 _bPAI 1 |
||
| 245 | _aLaisiangthou: thukhunlui leh thukhunthak kigawm | ||
| 260 |
_c1984 ? _aBangalore: _bBible Society of India, |
||
| 300 |
_a973, 307 p.; _bill., _c24cm |
||
| 651 |
_aBible _vPaite _912541 |
||
| 942 |
_2ddc _cREF |
||
| 999 |
_c7088 _d7088 |
||